000 00855nac a22002537a 4500
001 BR8806472
003 BR-BrBNA
005 20240105120851.0
008 230509b bl.|||m| |||| 00| 0 por d
040 _aBR-BrBNA
_bpor
_cBiblioteca Nacional de Agricultura
072 _aE13; E16; E20
090 _aE13 BR8806472
110 1 _aConselho Nacional de Desenvolvimento da Pecuaria, Brasilia, DF (Brasil)
_92664
245 1 _aRelatorio de atividades 1975 [Conselho Nacional de Desenvolvimentoda Pecuaria]
260 3 _aBrasilia, DF (Brasil):
_c1976.
300 _a109 p.
490 _aRelatorio - Conselho Nacional de Desenvolvimento da Pecuaria (Brazil)
_v
_x
650 _aPECUARIA
650 _aRECURSO ECONOMICO
650 _aINVESTIMENTO
650 _aFINANCIAMENTO
909 _a202312
_bLúcia Elande
_c55
_dLúcia Elande
942 _2AGRIS
_n0
_cMS
999 _c281891
_d281891